Kumšt Martina Jonáša zbierka Ivana Melicherčíka

Bibliographic Details
Main Author: Melicherčík, Ivan, 1944- (Author)
Format: Book
Language:Slovak
English
Serbian
PhysicalDescription:175 s. fotogr., fareb. ilustr. 26 cm
Published: Bratislava Roland Torsten Advertising 2009
ISBN:9788096997213 (viaz.)
Edition:[1. vyd.]
Subjects:

MARC

LEADER 00000cam a2200000 a 4500
001 vtls009521467
003 SK-MaSNL
005 20260425235452.0
008 240318s2009 xo hac g 000 0dslo
015 |a SNBA2009/08-04028 
020 |a 9788096997213 (viaz.) 
035 |a urn:nbn:sk:snk-am00ctj3 
035 |a urn:nbn:sk:snk-am3hq2s 
035 |a AAA7216A-F56E-4978-A463-BEF08C4EE7FB 
040 |a SNK  |b slo  |c SNK  |e AACR2 
041 |a slo  |a eng  |a srp  |h slo 
043 |a e-rb---  |a e-xo--- 
044 |a xo  |c SK 
072 7 |a 75  |x Maliarstvo  |2 konspekt 
080 |a 75.031.2"18/20"  |2 2001 
080 |a 069.5-027.551  |2 2001 
080 |a 72/76:069.5  |2 2001 
080 |a (497.11)  |2 2001 
080 |a (497.113)  |2 2001 
080 |a 75(437.6)  |2 2001 
080 |a (437.6)  |2 2001 
080 |a (084.11)  |2 2001 
100 1 |a Melicherčík, Ivan,  |d 1944-  |4 aut  |9 19915 
245 1 0 |a Kumšt Martina Jonáša  |b zbierka Ivana Melicherčíka  |c Ivan Melicherčík 
250 |a [1. vyd.] 
260 |a Bratislava  |b Roland Torsten Advertising  |c 2009 
300 |a 175 s.  |b fotogr., fareb. ilustr.  |c 26 cm 
366 |e 1200 výt. 
546 |a Súbež. text angl. a srbochorv. 
600 1 7 |a Jonáš, Martin,  |d 1924-1996  |2 SNKMA  |9 38258 
610 2 7 |a Zbierka Ivana Melicherčíka  |2 SNKKA  |9 538776 
648 7 |a 20. storočie  |2 SNK  |9 278343 
650 0 7 |a slovenské maliarstvo  |2 SNKPH  |9 3124 
650 0 7 |a insitné maliarstvo  |2 SNKPH  |9 209167 
650 0 7 |a súkromné zbierky  |2 SNKPH  |9 2901 
650 0 7 |a umelecké zbierky  |2 SNKPH  |9 2982 
651 7 |a Kovačica (Srbsko)  |2 SNKPHgeo  |9 22457 
651 7 |a Vojvodina (Srbsko)  |2 SNKPHgeo  |9 27375 
651 7 |a Bratislava (Slovensko)  |2 SNKPHgeo  |9 14568 
655 7 |a obrazové publikácie  |2 SNKPH  |9 70343 
919 |a 978-80-969972-1-3 
968 |d 73/77 
999 |c 830436  |d 832366 
952 |a SNK  |b SNK  |y PREZ  |7 0  |p 17A0624455  |o snkSB 77951  |i snk2009/12115  |8 0  |0 0  |1 0  |4 0  |d 2009-06-30  |f 1  |l 0  |r 2025-04-28 00:00:00  |w 2026-02-24 
952 |a SNK  |b SNK  |y VYP  |7 0  |p 17A0624457  |o snkSB 77951 D1  |i snk2009/12116  |8 0  |0 0  |1 0  |4 0  |d 2009-06-30  |l 0  |r 2016-06-30 00:00:00  |w 2026-02-24